=LDR 00000nam 2200000 4500 =001 000223 =005 20250711023824 =035 ##$$a 0010-0725000035 =245 1#$$a Kapan Hujan Turun,Bu? : $b tidak ada /$c Kiran Kasturia =100 #$$a Kasturia,Kiran =250 ##$$a Pertama =300 ##$$a 16hlm. : $b Ilus. ; $c 21cm =856 ##$$a TBM AS-SYUHADA =700 #$$a Zainab Tambawalla =260 ##$$a Jakarta Timur :$b Badan Pengembangan dan Pembinaan Bahasa,$c 2022 =082 ##$$a 398.209 598 =008 250711###########################0###### =084 ##$$a 398.209 598 KAS k =990 ##$$a TBM202500034